| 000 | 00403pam a2200157a 44500 | ||
|---|---|---|---|
| 008 | 230515b2011 xxu||||| |||| 00| 0 eng d | ||
| 020 | _aNULL | ||
| 041 | _aENGLISH | ||
| 082 | _a621.4022 | ||
| 100 | _aSACHDEVA R.C. | ||
| 245 | _aFUNDAMENTALS OF ENGINEERING HEAT & MASS TRANSFER | ||
| 250 | _a2008 | ||
| 260 |
_aDELHI _bNEW AGE INTERNATIONAL (P) LIMITED _c2011 |
||
| 300 | _aXX-652 | ||
| 650 | _aNULL | ||
| 999 |
_c655343 _d655343 |
||